Pokémon commençant par I - Statistiques

Statistiques générales
  • Ce quiz a été pris 1 869 fois
    996 depuis la dernière actualisation
  • Le résultat moyen est 4 sur 6
Statistiques - réponses
Réponse % Correct
123 Insécateur
86%
695 Iguolta
84%
206 Insolourdo
71%
611 Incisache
62%
1021 Ire-Foudre
61%
862 Ixon
47%
Aucun quiz correspondant
Distribution des résultats
% des personnes avec chaque résultat
Percentile par nombre de réponses
Votre historique - résultats
Vous n’avez pas pris ce quiz depuis la dernière actualisation